000 01036nam a2200157 4500
999 _c3015
_d3015
020 _a9780073255620
050 _aHD58.7
_b.M42
100 _aMcshane,Steven L.
245 _aOrganisational behavoiur
_b[essentials]
260 _aNew York:
_bMcGraw-Hill/Irwin
_c2007.
300 _axv,365p.
_bill:
_c25 cm.
500 _aIncludes index.
505 _aChapter 1. Introduction to organizational behaviour Chapter 2. Individual behaviour, values, and personality Chapter 3. Perceptions and learning in organizations Chapter 4. Work[lace emotions, attitudes, and practices Chapter 5. Employee motivation: foundations and practices Chapter 6. Individual decision making Chapter 7. Team dynamics Chapter 8. Communicating in teams and organizations Chapter 9. Power and influence in the workplace Chapter 10. conflict management Chapter 11. Leadership in organizational settings Chapter 12. Organizational structure Chapter 13. Organizational culture Chapter 14. Organizational change
700 _aGlinow Von, Ann Mary
942 _cBK